| 000 | 00639nam a2200229 a 4500 | ||
|---|---|---|---|
| 999 |
_c3893 _d3893 |
||
| 001 | 3893 | ||
| 003 | BD-JhCC | ||
| 005 | 20171119181440.0 | ||
| 008 | 880808s1964 enk 000 1 eng d | ||
| 035 | _a(BD-JhCC)3893 | ||
| 040 |
_aCIA _cCIA _dEQO _dBD-JhCC |
||
| 041 | _aeng | ||
| 082 |
_a428.6 _bBLA 1964 |
||
| 100 | 1 |
_aBlackmore, R. D. _q(Richard Doddridge), _d1825-1900. |
|
| 245 | 1 | 0 |
_aLorna Doone / _cby R. D. Blackmore |
| 260 |
_aLondon ; _aNew York : _bNelson, _bLongmans _c1964 |
||
| 300 |
_a679 p. ; _c16 cm |
||
| 500 | _aThe Nelson classics | ||
| 650 | 0 |
_aMonmouth's Rebellion, 1685 _vFiction. |
|
| 942 |
_2ddc _cBK |
||